00522nam a22001817a 450000500170000001000130001702000260003003500130005603700230006908200080009210000190010024500350011926000300015427000390018430000260022349000520024950000390030120120813104531.0 aB-456295 a9780415333474c325.00 aB-456295 adplbBlueberry/ven a193 aYoung, Julian. aSchopenhauer/cby Julian young aNew YorkbRoutledgec2006 a270 Madison Ave, bNew Yorke10016 axvi 271p.c22 cm (pb) aRoutledge philosophers / edited by Brian Leiter ait includes bibliography and index